भारतीय प्रशासन के पचास वर्ष / (Record no. 120271)

MARC details
000 -LEADER
fixed length control field 01276nam a22002657a 4500
005 - DATE AND TIME OF LATEST TRANSACTION
control field 20170124103155.0
010 ## - LIBRARY OF CONGRESS CONTROL NUMBER
LC control number B-072750
020 ## - INTERNATIONAL STANDARD BOOK NUMBER
Terms of availability 300.00
International Standard Book Number 8170562392
035 ## - SYSTEM CONTROL NUMBER
System control number B-072750
037 ## - SOURCE OF ACQUISITION
Source of stock number/acquisition Cen Lib/Ret
040 ## - CATALOGING SOURCE
Original cataloging agency DPL
Language of cataloging HN
082 ## - DEWEY DECIMAL CLASSIFICATION NUMBER
Classification number 351.000954
Item number शर्मार
100 ## - MAIN ENTRY--PERSONAL NAME
Personal name शर्मा, रविन्द्र
9 (RLIN) 89432
245 ## - TITLE STATEMENT
Title भारतीय प्रशासन के पचास वर्ष /
Statement of responsibility, etc रविन्द्र शर्मा [और] ओ.पी. वर्मा
246 ## - VARYING FORM OF TITLE
Title proper/short title Bhartiya prashasan ke pachas varsh /
Remainder of title by Ravindra Sharma [aur] O.P. Verma
260 ## - PUBLICATION, DISTRIBUTION, ETC. (IMPRINT)
Place of publication, distribution, etc जयपुर
Name of publisher, distributor, etc पंचशील प्रकाशन
Date of publication, distribution, etc 2001
270 ## - ADDRESS
Address फिल्म कालोनी, चौड़ा रास्ता
City जयपुर
Postal code 302003
300 ## - PHYSICAL DESCRIPTION
Extent 235पृ.
Dimensions 21सेमी (सजिल्द)
650 ## - SUBJECT ADDED ENTRY--TOPICAL TERM
Topical term or geographic name as entry element लोक प्रशासन - भारत।
9 (RLIN) 45865
650 ## - SUBJECT ADDED ENTRY--TOPICAL TERM
Topical term or geographic name as entry element भारत - राजनीति और सरकार - 1947-
9 (RLIN) 89433
650 ## - SUBJECT ADDED ENTRY--TOPICAL TERM
Topical term or geographic name as entry element Public administration -- India.
9 (RLIN) 17801
650 ## - SUBJECT ADDED ENTRY--TOPICAL TERM
Topical term or geographic name as entry element India -- Politics and government -- 1947-
9 (RLIN) 14822
700 ## - ADDED ENTRY--PERSONAL NAME
Personal name वर्मा, ओ.पी.
9 (RLIN) 44586
942 ## - ADDED ENTRY ELEMENTS (KOHA)
Source of classification or shelving scheme Dewey Decimal Classification
Koha item type Hindi Books
Classification part 351.000954
Call number suffix शर्मार
Holdings
Withdrawn status Lost status Damaged status Not for loan Home library Current library Date acquired Source of acquisition Cost, normal purchase price Total Checkouts Full call number Barcode Date last seen Date checked out Copy number Cost, replacement price Price effective from Koha item type
        Central Library Central Library 21/09/2015 Cen Lib/Ret 300.00 1 351.000954 शर्मार B-072750 25/02/2023 11/02/2023 1 300.00 21/09/2015 Hindi Books

© Delhi Public Library
Hit Counter
free hit counter